00830nam a2200241 i 450000100060000000300090000600500170001500700030003200800410003502000180007604000220009408000150011610000530013124500810018425000120026526000340027730000200031149000390033183000460037085200330041699900170044995201220046613616ES-MaACL20240608062958.0t|960904s1996 sp ||||0| spa j a84-88617-09-7 aM-BN bspa cM-BN a860-32"19"0 aMolina Caballero, José María, d1961-98191610aCírculos concéntricos b: (relatos) / cJosé María Molina Caballero. a1ª ed. aRute : bAnfora Nova, c1996. a43 p ; c18 cm.1 aAnfora nova. Serie narrativa ; v20 aÁnfora Nova. Serie narrativav29228439 aES-MaACLjL-20978 bR.125443 c13616d13616 00104070aATENEOMbATENEOMcDEPO2d2008-01-17eSCl0oL-20978p1013860r2023-02-23 00:00:00w2023-02-23yMONOGRAFIA